000 01795nam a2200385 a 4500
001 ebr10477705
003 CaPaEBR
006 m u
007 cr cn|||||||||
008 110706s1998 enka sb 001 0 eng d
020 _z1855752131
020 _z9781855752139
020 _z9781849402507 (e-book)
040 _aCaPaEBR
_cCaPaEBR
035 _a(OCoLC)733944181
050 1 4 _aRC504
_b.P79 1998eb
245 0 0 _aPsychoanalysis and developmental therapy
_h[electronic resource] /
_cedited by Anne Hurry ; contributors, Tessa Baradon ... [et al.] ; foreword by Anne-Marie Sandler.
260 _aLondon :
_bKarnac Books,
_c1998.
300 _axvii, 237 p. :
_bill.
490 1 _aMonograph series of the Psychoanalysis Unit of University College, London and the Anna Freud Centre ;
_vno. 3
504 _aIncludes bibliographical references and index.
505 0 _apt. 1. Theoretical background -- pt. 2. Clinical work with children -- pt. 3. Clinical and educational interventions in work with children.
533 _aElectronic reproduction.
_bPalo Alto, Calif. :
_cebrary,
_d2011.
_nAvailable via World Wide Web.
_nAccess may be limited to ebrary affiliated libraries.
650 0 _aPsychoanalysis.
650 0 _aChild analysis.
650 0 _aDevelopmental therapy.
650 0 _aDevelopmental therapy for children.
655 7 _aElectronic books.
_2local
700 1 _aHurry, Anne.
700 1 _aBaradon, Tessa.
700 1 _aSandler, Anne-Marie.
710 2 _aebrary, Inc.
830 0 _aMonograph series of the Psychoanalysis Unit of University College, London and the Anna Freud Centre, London (London, England) ;
_vno. 3.
856 4 0 _uhttp://site.ebrary.com/lib/rucke/Doc?id=10477705
_zAn electronic book accessible through the World Wide Web; click to view
999 _c221573
_d221573